| 000 | 01581cam a2200409 a 4500 | ||
|---|---|---|---|
| 001 | 1946 | ||
| 003 | FISKH | ||
| 005 | 20250819135848.0 | ||
| 008 | 020322s2002 nyua b 000 1 eng | ||
| 010 | _a 2002004161 | ||
| 020 | _a9780375822230 | ||
| 020 | _a0375902953 (lib. bdg.) | ||
| 020 | _a0375822232 (pbk.) | ||
| 040 |
_aDLC _cDLC _dDLC _beng |
||
| 042 | _alcac | ||
| 050 | 0 | 0 |
_aPZ7.P2197 _bTo 2002 |
| 082 | 0 | 0 |
_a813 _221 |
| 100 | 1 | _aPark, Barbara. | |
| 245 | 1 | 0 |
_aJunie B., first grader : _btoothless wonder / _cBarbara Park ; illustrated by Denise Brunkus. |
| 246 | 3 | 0 | _aToothless wonder |
| 250 | _aFirst Scholastic printing, September 2003 | ||
| 260 |
_aNew York : _bScholastic, _c2002. |
||
| 300 |
_a80 pages : _billustrations ; _c20 cm. |
||
| 490 | 1 |
_aThe Junie B. Jones series ; _vBook 20 |
|
| 505 | _aK | ||
| 520 | _aJunie B. Jones learns some interesting things about the Tooth Fairy when she becomes the first student in Room One to lose an upper tooth. | ||
| 521 | 8 |
_a510
_bLexile |
|
| 521 | 8 |
_aK
_bRaz-Plus |
|
| 650 | 1 |
_aTeeth _vFiction. |
|
| 650 | 1 |
_aTooth Fairy _vFiction. |
|
| 700 | 1 |
_aBrunkus, Denise, _eillustrator |
|
| 800 | 1 |
_aPark, Barbara. _tJunie B. Jones series ; _vBook 20. |
|
| 856 | 4 | 2 |
_3Publisher description _uhttp://www.loc.gov/catdir/description/random0411/2002004161.html |
| 906 |
_a7 _bcbc _corignew _d1 _eecip _f20 _gy-gencatlg |
||
| 942 |
_2ddc _cBK _n0 |
||
| 999 |
_c1946 _d1946 |
||